000 00556nam a2200205 4500
001 329471
005 20250809123756.0
008 720104s1971 nyu b 001 0 eng
020 _a0684413221
020 _a9780684413228
041 0 _aeng
_aheb
050 0 0 _aPJ4567
_b.L3
082 0 0 _a492.4/8/2421
100 1 _aLambdin, Thomas Oden.
245 1 0 _aIntroduction to Biblical Hebrew
_c[by] Thomas O. Lambdin.
260 _aNew York,
_bScribner
_c[1971]
300 _axxviii, 345 p.
_c29 cm.
650 0 _aHebrew language
_xGrammar.
942 _2lcc
_cBK
_n0
999 _c7256
_d7256